In search for our foremothers' Spirituality/ (Record no. 31)

MARC details
000 -LEADER
fixed length control field 00415nam a22001337a 4500
008 - FIXED-LENGTH DATA ELEMENTS--GENERAL INFORMATION
fixed length control field 081128t xxu||||| |||| 00| 0 eng d
050 ## - LIBRARY OF CONGRESS CALL NUMBER
Classification number BV4501.2
Item number .O62 1994
100 ## - MAIN ENTRY--PERSONAL NAME
Personal name Lee, Oo Chung
245 ## - TITLE STATEMENT
Title In search for our foremothers' Spirituality/
Statement of responsibility, etc Oo Chung Lee
260 ## - PUBLICATION, DISTRIBUTION, ETC. (IMPRINT)
Place of publication, distribution, etc Seoul:
Name of publisher, distributor, etc Asian Women's Resource Centre for Culture and Theology
Date of publication, distribution, etc 1994
300 ## - PHYSICAL DESCRIPTION
Extent xiii, 120p.
Dimensions 23cm
650 ## - SUBJECT ADDED ENTRY--TOPICAL TERM
Source of heading or term Spirituality
942 ## - ADDED ENTRY ELEMENTS (KOHA)
Source of classification or shelving scheme Library of Congress Classification
Item type Book
Holdings
Withdrawn status Lost status Source of classification or shelving scheme Damaged status Not for loan Home library Current library Shelving location Date acquired Total Checkouts Full call number Barcode Price effective from Koha item type
    Library of Congress Classification     Bishop Okullu Memorial Library (Limuru Campus) Bishop Okullu Memorial Library (Limuru Campus) General Circulation 28/11/2008   BV4501.2 .O62 1994 000038 28/11/2008 Book